LEADER 01160nam a2200277 a 4500 001 000000152772 003 CaOOAMICUS 005 20160711132418.0 008 160711s1974 it u000 u ita r 032 $aLibriCat 040 $aPUL$bita 041 1 $aita$hlat 245 00$aPhilosophia mundi :$bnatura, uomo, scienza nella rinascita del XII secolo /$cintroduzione, traduzione, commento di Gianfranco Garancini. 260 $aMilano :$bBietti,$c1974. 300 $a289 p. ;$c19 cm. 490 1 $aI classici della filosofia 504 $aBibliografia in nota. 650 4$aFilosofia$ySec. XII.$0(OLS)http://pul/subject/7003 700 1 $aGarancini, Gianfranco.$0(OLS)http://pul/name/33054 830 0$aClassici della filosofia (Bietti).$0(OLS)http://pul/title/192187 850 $aPUL 852 $aPUL$W1$xDP1 Fondo G. Barberini$y122$m2 A 5$j11992$qFondi$B178270$CPULBib$Z2$F178270 $HBar242 $81 941 1 $a1 996 $6245$aPhilosophia mundi :$bnatura, uomo, scienza nella rinascita del XII secolo$9(OLS)http://pul/title/192188 996 $6260$aMilano :$bBietti$9(OLS)http://pul/publisher/61373 LEADER 01594nam a2200397 a 4500 001 000000167969 003 CaOOAMICUS 005 20180604111404.0 008 180604s2017 it u000 u ita r 020 $a978-88-372-2973-3* 032 $aLibriCat 040 $aPUL$bita 041 1 $aita$hger 082 04$a103 100 1 $aEbner, Ferdinand,$d1882-1931.$0(OLS)http://pul/name/39056 240 14$aDie Wirklichkeit Christi.$lItaliano.$0(OLS)http://pul/title/208110 245 13$aLa realtà di Cristo /$cFerdinand Ebner ; a cura di Nunzio Bombaci ; prefazione di Silvano Zucal. 260 $aBrescia :$bMorcelliana,$c2017. 300 $a233 p. ;$c22 cm. 490 1 $aFilosofia. Testi e Studi ;$v84 504 $aBibliografia nelle note. 600 04$aIesus Christus.$0(OLS)http://pul/subject/207 700 1 $aBombaci, Nunzio.$0(OLS)http://pul/name/82073 700 1 $aZucal, Silvano.$0(OLS)http://pul/name/15105 830 0$aFilosofia (Morcelliana)$pTesti e Studi ;$v84.$0(OLS)http://pul/title/148210 850 $aPUL 852 $aPUL$W1$xSL Filosofia 3$y81$m103 COLL 12.1.84$j191657$qDDC 21$B195782$CPULBib$Z2$F195782 $H130901 $81 941 1 $a9 960 $aCristologia$9207 960 $aCristologia$9207 960 $aGesù Cristo$9207 996 $6020$a978-88-372-2973-3*$9(OLS)http://pul/number/164235 996 $6082$a103$9(OLS)http://pul/classification/621 996 $6245$aLa realtà di Cristo$9(OLS)http://pul/title/208111 996 $6260$aBrescia :$bMorcelliana$9(OLS)http://pul/publisher/47854